000 00744nam a2200229 a 4500
001 000024893
005 20200930023431.0
008 110207s1986 ck r 000 p spa d
040 _aDO-SdBNP
_bspa
_cBNPHU
082 _aCo861.44
_bM323a
100 1 _aMarel, Jorge,
_d1946-
_qJorge Hernández Gómez
_951097
245 1 0 _aLas antiguas palabras /
_cJorge Hernández Gómez. (Jorge Marel).
260 _aBogotá, Colombia :
_bThomas de Quincey Editores,
_c1986.
300 _a81, [6] p. ;
_c20 cm.
490 1 _aNueva Literatura
500 _aIncluye datos del autor
650 4 _aPoesía colombiana
_93742
650 4 _aPoesía amorosa
_99227
650 4 _aLiteratura colombiana
_91244
830 0 _aNueva Literatura
_951098
049 _aBNGR
999 _c24386
_d24386